| 000 | 00607nam a2200217 i 4500 | ||
|---|---|---|---|
| 001 | 89837 | ||
| 003 | ES-MaACL | ||
| 005 | 20230906180301.0 | ||
| 007 | t| | ||
| 008 | 050114s1973 sp ||||1| cat d | ||
| 100 | 1 |
_aLauzel, Jean-Pierre. _970672 |
|
| 245 | 1 | 0 |
_aNois que reben / _cJean-Pierre Lauzel ; [versió d'Eduard Feliú]. |
| 250 | _a[1ª ed.]. | ||
| 260 |
_aBarcelona : _bNova Terra, _c[1973] |
||
| 300 |
_a157 p. ; _c20 cm. |
||
| 490 | 1 |
_aNadal ; _v36 |
|
| 700 | 1 |
_aFeliu, Eduard. _949188 |
|
| 830 | 0 |
_aNadal ; _v36 _9185576 |
|
| 852 |
_aES-MaACL _jC-52007 _bR.85256 |
||
| 999 |
_c89837 _d89837 |
||